Nový kvet /

Hlavní autor: Kédros, André, 1917-1999
Jazyk: Slovenština
Vydáno: Bratislava : Slovenské vydavateľstvo politickej literatúry, 1959
Edice: Bojujúca kniha
Fyzický popis: 211 s.
Knihy
Uloženo v:
LEADER 00793nam a22002412a 4500
001 001398596
003 CZ BrMZK
005 20140630084643.0
007 ta
008 140630s1959 xo er|||||||||||slo d
040 |a BOA001  |b cze 
041 1 |a slo  |h fre 
100 1 |a Kédros, André,  |d 1917-1999  |7 xx0005583  |4 aut 
245 1 0 |a Nový kvet /  |c André Kédros ; z francúzského originálu ... preložila R. Jamrichová 
260 |a Bratislava :  |b Slovenské vydavateľstvo politickej literatúry,  |c 1959 
300 |a 211 s. 
490 1 |a Bojujúca kniha ;  |v zv. 3 
765 0 |t Fleur nouvelle  |9 Slovensky 
830 0 |a Bojujúca kniha 
910 |a BOA001  |b 2-0432.069 
990 |a BK 
991 |b 201406 
996 7 |b 2619100346  |c 2-0432.069  |l MZK  |r Sklad / do 24 hodin  |n 0  |w 001433584  |u 000010  |a 1  |e BOA001  |j MZK50  |s A